000 00739nam a2200229 a 4500
001 13717
003 BD-JhCC
005 20240318131325.0
008 240318b 2020b a|||| ||a| 000 0 b d
020 _a984701200793
035 _a(BD-JhCC)13717
040 _aBD-JhCC
_dBD-JhCC
041 _aben
082 _a954.92
_bMAJ 2020
100 _a মজিদ, শাকুর
245 _aহুমায়ূননামা ট্রিলজি /
_b শাকুর মজিদ
260 _aঢাকা:
_bকথাপ্রকাশ;
_c2020.
300 _a308 p. :
_bill
_c24 cm.
650 _aসাহিত্যিক, শিল্প ও সংগীত ব্যক্তিত্ব
942 _2ddc
_cBK
999 _c13717
_d13717